00551nam a2200205 a 450000100060000000300090000600800410001502000150005604000280007108200100009910000260010924500180013526000430015330000100019649000280020665000430023465000390027794200120031699900170032819360CO-ViMGA141112s2004 ck r 000 u spa d a8474192021 aCO-ViMGAbspacCO-ViMGA04aGOSg11 aGoscinny, Rene92781010aLa Gran Zanja aBarcelona : bGrijalbo / Dargaud; 1996 a48 p. aUna aventura de Asterix14aCUENTOS INFANTILES DE AVENTURAS92781114aTIRAS COMICAS - HISTORIETAS927812 2ddccBK c28517d28517